书目信息 |
| 题名: |
权利结构理论
|
|
| 作者: | 陈醇 著 | |
| 分册: | ||
| 出版信息: | 北京 法律出版社 2013 |
|
| 页数: | 331页 | |
| 开本: | 21cm | |
| 丛书名: | 中国法学学术丛书 | |
| 单 册: | ||
| 中图分类: | D923.990.4 | |
| 科图分类: | ||
| 主题词: | 商法--研究--中国 , 商法 | |
| 电子资源: | ||
| ISBN: | 978-7-5118-5469-8 | |
| 000 | 01113oam2 2200277 450 | |
| 001 | 523 | |
| 005 | 20140908085810.46 | |
| 010 | @a978-7-5118-5469-8@dCNY38.00 | |
| 100 | @a20140106d2013 em y0chiy50 ea | |
| 101 | 0 | @achi |
| 102 | @aCN@b110000 | |
| 105 | @ay z 000yy | |
| 106 | @ar | |
| 200 | 1 | @a权利结构理论@AQuan Li Jie Gou Li Lun@e以商法为例@EYi Shang Fa Wei Li@f陈醇著@FChen Chun Zhu |
| 210 | @a北京@c法律出版社@d2013 | |
| 215 | @a331页@d21cm | |
| 225 | 2 | @a中国法学学术丛书 |
| 300 | @a“十二五”国家重点规划出版图书 | |
| 330 | @a本书试图以商法为例,讨论权利结构的基本原理,这包括权利结构安排与权利功能或性质的关系、权利结构的设计权、权利结构的设计方法、公司治理权利结构的设计原理、公司法中预防型权利结构的设计原理、企业契约群的权利结构原理、现代交易生活中契约链的权利结构原理、宏观权利结构原理、商法的权利变压器功能、权利结构理论的法理学意义十个内容。 | |
| 461 | 0 | @12001 @a中国法学学术丛书 |
| 606 | 0 | @a商法@x研究@y中国 |
| 606 | 0 | @a商法 |
| 690 | @aD923.990.4@v5 | |
| 701 | 0 | @a陈醇@AChen Chun@f(1970~)@4著 |
| 801 | 0 | @aCN@bTANGWEI@c20140603 |
| 905 | @b0840130-32@dD923.990.4@e1227@f3 | |
| 权利结构理论:以商法为例/陈醇著.-北京:法律出版社,2013 |
| 331页;21cm.-(中国法学学术丛书) |
| “十二五”国家重点规划出版图书 |
| ISBN 978-7-5118-5469-8:CNY38.00 |
| 本书试图以商法为例,讨论权利结构的基本原理,这包括权利结构安排与权利功能或性质的关系、权利结构的设计权、权利结构的设计方法、公司治理权利结构的设计原理、公司法中预防型权利结构的设计原理、企业契约群的权利结构原理、现代交易生活中契约链的权利结构原理、宏观权利结构原理、商法的权利变压器功能、权利结构理论的法理学意义十个内容。 |
| ● |
| 相关链接 |
|
|
|
|
正题名:权利结构理论
索取号:D923.990.4/1227
 
预约/预借
| 序号 | 登录号 | 条形码 | 馆藏地/架位号 | 状态 | 备注 |
| 1 | 0840130 | 208401308 | 第一样本阅览室/ [索取号:D923.990.4/1227] | 在馆 | |
| 2 | 0840131 | 208401317 | 第一借阅区/ [索取号:D923.990.4/1227] | 在馆 | |
| 3 | 0840132 | 208401326 | 密集书库-史法系/ [索取号:D923.990.4/1227] | 在馆 |